| 000 | 00432nam a2200157 a 4500 | ||
|---|---|---|---|
| 001 | 2387 | ||
| 003 | CDMR | ||
| 005 | 20131001170438.0 | ||
| 008 | 130130s1972||||||||||||||||||||||||||||d | ||
| 040 |
_aCDMR _bcat _cCDMR |
||
| 100 | 1 |
_aWagner, Fernando _91781 |
|
| 245 | 1 | 3 |
_aLa televisión _b: técnica y expresión dramática _cFernando Wagner |
| 260 |
_aBarcelona _c1972 _bLabor |
||
| 490 |
_aNueva colección Labor _v143 |
||
| 942 |
_cMON _2udc |
||
| 999 |
_c2387 _d2387 |
||